[Event "MMaS_2014_U12"]
[Site "?"]
[Date "2014.10.28"]
[Round "7.10"]
[White "Macháèek, Lukáš"]
[Black "Grèek, Tomáš"]
[Result "1-0"]
[WhiteElo "1481"]
[BlackElo "1355"]
[PlyCount "67"]
[EventDate "2014.10.25"]

1. e4 c5 2. Nf3 Nc6 3. d4 e6 4. d5 exd5 5. exd5 Nce7 6. d6 Nf5 7. Qe2+ Be7 8.
dxe7 Qxe7 9. Qxe7+ Ngxe7 10. Bd3 d5 11. O-O c4 12. Bxf5 Bxf5 13. Nd4 Be4 14.
Nc3 Bg6 15. Re1 Rd8 16. Bg5 Rd7 17. Bxe7 Rxe7 18. Rxe7+ Kxe7 19. Nxd5+ Kd6 20.
Ne3 Kc5 21. Rd1 Bh5 22. g4 Bg6 23. a3 h5 24. b4+ cxb3 25. Nxb3+ Kb6 26. Nc4+
Kc7 27. Ne3 hxg4 28. Nd5+ Kb8 29. Ne3 f5 30. Rd2 f4 31. Nxg4 Rh3 32. Ne5 Bxc2
33. Rxc2 Rxb3 34. Nd7+ 1-0

[Event "MMaS_2014_U12"]
[Site "?"]
[Date "2014.10.28"]
[Round "7.11"]
[White "Kocí, Tomáš"]
[Black "Tošenovský, Adam"]
[Result "1-0"]
[WhiteElo "1414"]
[BlackElo "1000"]
[PlyCount "61"]
[EventDate "2014.10.25"]

1. d4 Nf6 2. Nf3 g6 3. b3 Bg7 4. Bb2 O-O 5. e3 d5 6. c4 Bg4 7. Nbd2 e6 8. Bd3
Nc6 9. a3 a6 10. O-O Re8 11. Qe1 Bxf3 12. Nxf3 Ng4 13. h3 Nf6 14. Rc1 Nd7 15.
cxd5 exd5 16. Qe2 h5 17. Rfe1 Nf6 18. Ne5 Nxe5 19. dxe5 Ne4 20. f4 f6 21. exf6
Bxf6 22. Bxf6 Qxf6 23. Rxc7 Qb6 24. Qc2 Qa5 25. Kf1 Ng3+ 26. Kf2 Ne4+ 27. Bxe4
dxe4 28. Qc4+ Kh8 29. Qf7 Qd2+ 30. Re2 Qxe2+ 31. Kxe2 1-0

[Event "MMaS_2014_U12"]
[Site "?"]
[Date "2014.10.28"]
[Round "7.12"]
[White "Kriz, Tomáš"]
[Black "Bosák, René"]
[Result "0-1"]
[WhiteElo "1357"]
[BlackElo "1407"]
[PlyCount "38"]
[EventDate "2014.10.25"]

1. e4 e5 2. Nf3 Nc6 3. d4 exd4 4. Nxd4 Nf6 5. Nc3 Bb4 6. Nxc6 bxc6 7. Bg5 d5 8.
exd5 cxd5 9. a3 Bxc3+ 10. bxc3 c6 11. Be2 O-O 12. O-O Qd6 13. Bd3 Ng4 14. g3
Qe5 15. Bd2 Qh5 16. h4 h6 17. Re1 g5 18. hxg5 Qh2+ 19. Kf1 Qxf2# 0-1

[Event "MMaS_2014_U12"]
[Site "?"]
[Date "2014.10.28"]
[Round "7.13"]
[White "Opluštil, Pavel"]
[Black "Ivanov, Mikhail"]
[Result "1-0"]
[WhiteElo "1310"]
[BlackElo "1299"]
[PlyCount "73"]
[EventDate "2014.10.25"]

1. e4 e5 2. Nf3 Nc6 3. d4 exd4 4. Bc4 Nf6 5. e5 d5 6. Bb5 Ne4 7. Nxd4 Bd7 8.
Bxc6 Bxc6 9. Nxc6 bxc6 10. O-O Bc5 11. Qg4 Qd7 12. Qxg7 O-O-O 13. Be3 Rdg8 14.
Qh6 Bxe3 15. Qxe3 h5 16. Nd2 Nxd2 17. Qxd2 Qh3 18. g3 h4 19. a4 hxg3 20. fxg3
Rg5 21. a5 Rgh5 22. Rf2 Rf8 23. a6 f5 24. exf6 Rf5 25. Rxf5 Qxf5 26. Rf1 Qe6
27. Qf4 Qe2 28. Qf5+ Kd8 29. f7 Qxa6 30. Qe6 Qb6+ 31. Kh1 Qc5 32. Re1 Qe7 33.
Qxe7+ Kc8 34. Qxf8+ Kb7 35. Qb4+ Kc8 36. f8=Q+ Kd7 37. Qbe7# 1-0

[Event "MMaS_2014_U12"]
[Site "?"]
[Date "2014.10.28"]
[Round "7.14"]
[White "Londin, Martin"]
[Black "Vsetulova, Viktorie"]
[Result "1-0"]
[WhiteElo "1246"]
[BlackElo "1393"]
[PlyCount "135"]
[EventDate "2014.10.25"]

1. e4 e5 2. Nf3 Nc6 3. Nc3 Nf6 4. Bc4 Nxe4 5. Bxf7+ Kxf7 6. Nxe4 Be7 7. O-O Rf8
8. d3 Kg8 9. c3 d5 10. Ng3 Bg4 11. h3 Bxf3 12. gxf3 Bc5 13. Kg2 Qh4 14. b4 Bb6
15. Qb3 Ne7 16. Bd2 c6 17. Rae1 Ng6 18. Qb1 Nf4+ 19. Bxf4 exf4 20. Nh1 Rf6 21.
d4 Raf8 22. Rg1 Rh6 23. Kf1 Qxh3+ 24. Ke2 Re8+ 25. Kd2 Rhe6 26. Rxe6 Rxe6 27.
Qd3 Qh2 28. Rf1 Qg2 29. Kc1 a5 30. a3 axb4 31. axb4 Ba7 32. Rd1 Rh6 33. Qe2 Qg6
34. Qe7 Qf7 35. Qe5 Re6 36. Qg5 Rg6 37. Qd8+ Qf8 38. Qa5 Bb8 39. Qb6 Qe7 40.
Qa5 Bc7 41. Qa8+ Bd8 42. Qa2 Rh6 43. Qc2 Qg5 44. Qe2 Qe7 45. Qd3 Qg5 46. Qe2
Qe7 47. Qd3 Qg5 48. Qe2 Qg6 49. Qe5 Rh4 50. Qe2 Qh5 51. Kc2 Qg6+ 52. Kb3 Qh5
53. Qe6+ Qf7 54. Qe2 Qh5 55. Qe6+ Qf7 56. Qe2 Qh5 57. Qe6+ Qf7 58. Qe2 Qh5 59.
Qe6+ Qf7 60. Qe5 Bf6 61. Qb8+ Qf8 62. Qxb7 Qe8 63. Qa6 Rh3 64. Qd3 Qg6 65. Qe2
Qh5 66. Qe6+ Kh8 67. Qc8+ Qe8 68. Qxe8# 1-0

[Event "MMaS_2014_U12"]
[Site "?"]
[Date "2014.10.28"]
[Round "8.1"]
[White "Szotkowski, David"]
[Black "Mica, Marek"]
[Result "1/2-1/2"]
[WhiteElo "1532"]
[BlackElo "1582"]
[PlyCount "57"]
[EventDate "2014.??.??"]

1. c4 e5 2. Nc3 Nc6 3. g3 Nf6 4. Bg2 Bc5 5. Nf3 a6 6. d3 d6 7. Bd2 h6 8. O-O
O-O 9. a3 Bd7 10. e3 Qc8 11. b4 Ba7 12. Bc1 Bh3 13. Bb2 Bxg2 14. Kxg2 Ne7 15.
b5 axb5 16. Nxb5 Bb6 17. d4 exd4 18. Bxd4 Bxd4 19. exd4 Nf5 20. Qd3 c6 21. Nc3
Ne7 22. Rfe1 Qd7 23. Ne4 Nxe4 24. Rxe4 Ng6 25. Re2 Rfe8 26. Rae1 Rxe2 27. Rxe2
b6 28. Qb3 Qc7 29. h3 1/2-1/2

[Event "MMaS_2014_U12"]
[Site "?"]
[Date "2014.10.28"]
[Round "8.2"]
[White "Petricek, Lukas"]
[Black "Ocko, Dominik"]
[Result "0-1"]
[WhiteElo "1128"]
[BlackElo "1561"]
[PlyCount "67"]
[EventDate "2014.??.??"]

1. e4 c5 2. Nf3 d6 3. d4 cxd4 4. Nxd4 Nf6 5. Nc3 a6 6. Be2 e5 7. Nf3 Be7 8. O-O
O-O 9. Be3 Nbd7 10. Qd2 b5 11. Rad1 Bb7 12. Qd3 b4 13. Nd5 Bxd5 14. exd5 e4 15.
Qd4 exf3 16. Bxf3 Ne5 17. Be2 a5 18. f4 Ned7 19. c4 Nc5 20. Qd2 Nfe4 21. Qc2 a4
22. Bxc5 Nxc5 23. Rfe1 Qd7 24. Bf3 Rfe8 25. Qe2 Bh4 26. Bg4 Rxe2 27. Bxd7 Rxe1+
28. Rxe1 Bxe1 29. Bc6 Ra7 30. g3 b3 31. axb3 axb3 32. Kf1 Bc3 33. bxc3 b2 34.
Ke1 0-1

[Event "MMaS_2014_U12"]
[Site "?"]
[Date "2014.10.28"]
[Round "8.3"]
[White "Demko, Robert"]
[Black "Kures, Michael"]
[Result "0-1"]
[WhiteElo "1665"]
[BlackElo "1486"]
[PlyCount "74"]
[EventDate "2014.10.25"]

1. d4 f5 2. Nc3 Nf6 3. Bg5 e6 4. f3 Bb4 5. Qd3 h6 6. Bd2 b6 7. a3 Bxc3 8. Bxc3
Bb7 9. O-O-O O-O 10. Nh3 a5 11. Nf2 Ba6 12. Qd2 Bb7 13. Re1 Nd5 14. h4 Qe8 15.
g4 fxg4 16. Nxg4 Nc6 17. Rg1 Nxc3 18. bxc3 h5 19. Nf2 Qe7 20. Rg5 Qxa3+ 21. Kb1
Nb4 22. Rxg7+ Kxg7 23. Qg5+ Kf7 24. Qxh5+ Ke7 25. Qh7+ Kd8 26. Ng4 Qxc3 27. Rd1
Bd5 28. Ne5 Ba2+ 29. Kc1 Qa1+ 30. Kd2 Qxd4+ 31. Nd3 Nxd3 32. cxd3 e5 33. Bh3
Be6 34. Bg2 Qb4+ 35. Ke3 a4 36. Qg7 Rg8 37. Qf6+ Qe7 0-1

[Event "MMaS_2014_U12"]
[Site "?"]
[Date "2014.10.28"]
[Round "8.4"]
[White "Nemec, David"]
[Black "Krejcok, Tobias"]
[Result "1-0"]
[WhiteElo "1559"]
[BlackElo "1594"]
[PlyCount "49"]
[EventDate "2014.10.25"]

1. e4 c5 2. Nf3 Nc6 3. d4 cxd4 4. Nxd4 g6 5. Nc3 Bg7 6. Be3 Nf6 7. Be2 d6 8.
O-O O-O 9. Qd2 Bd7 10. Rad1 Ne8 11. f4 e6 12. Ndb5 Qa5 13. a3 f5 14. e5 d5 15.
b4 Qd8 16. Nxd5 Nxe5 17. fxe5 Bxb5 18. Bxb5 exd5 19. Bc5 Rf7 20. e6 Rf6 21. e7
Qc8 22. Qxd5+ Re6 23. Bd7 Nc7 24. Bxc8 Nxd5 25. Bxe6+ 1-0

[Event "MMaS_2014_U12"]
[Site "?"]
[Date "2014.10.28"]
[Round "8.5"]
[White "Bosak, Rene"]
[Black "Zavadil, Matyas"]
[Result "0-1"]
[WhiteElo "1407"]
[BlackElo "1613"]
[PlyCount "132"]
[EventDate "2014.10.25"]

1. e4 c5 2. Nf3 Nc6 3. d4 cxd4 4. Nxd4 g6 5. Nc3 Bg7 6. Be3 Nf6 7. Be2 O-O 8.
O-O d5 9. f3 e5 10. Nb3 d4 11. Bxd4 Nxd4 12. Nxd4 Qxd4+ 13. Qxd4 exd4 14. Nb5
Rd8 15. Rad1 a6 16. Nxd4 Nxe4 17. fxe4 Rxd4 18. Rxd4 Bxd4+ 19. Kh1 Bxb2 20. Bc4
Be6 21. Bd3 b5 22. Rb1 Bg7 23. a3 Rc8 24. h3 Bc4 25. Bxc4 Rxc4 26. Rc1 Rc3 27.
Ra1 Rxc2 28. Rd1 Re2 29. Kh2 Rxe4 30. Rd3 Rd4 31. Re3 a5 32. Re8+ Bf8 33. Rb8
b4 34. axb4 Rxb4 35. Ra8 a4 36. Kg1 Rb2 37. Rxa4 Kg7 38. Rc4 Bd6 39. Rc6 Bg3
40. Rc1 Re2 41. Kf1 Rf2+ 42. Kg1 h5 43. Rd1 h4 44. Rc1 f5 45. Rd1 Kh6 46. Rd4
Re2 47. Rd1 Re1+ 48. Rxe1 Bxe1 49. Kf1 Bc3 50. Kf2 g5 51. Kf3 Kh5 52. Kf2 g4
53. hxg4+ Kxg4 54. Kg1 h3 55. gxh3+ Kxh3 56. Kf2 Kg4 57. Kg2 f4 58. Kf2 f3 59.
Kg1 Kg3 60. Kh1 Bb4 61. Kg1 f2+ 62. Kf1 Bf8 63. Ke2 Kg2 64. Ke3 f1=Q 65. Ke4
Qe2+ 66. Kd4 Kf3 0-1

[Event "MMaS_2014_U12"]
[Site "?"]
[Date "2014.10.28"]
[Round "8.6"]
[White "Richterová, Julie"]
[Black "Macháèek, Lukáš"]
[Result "1-0"]
[WhiteElo "1564"]
[BlackElo "1481"]
[PlyCount "123"]
[EventDate "2014.10.25"]

1. d4 Nf6 2. Nf3 e6 3. c4 d5 4. g3 Be7 5. Bg2 O-O 6. O-O Nbd7 7. Qc2 b6 8. Rd1
Ba6 9. Ne5 Bb7 10. Nc3 c6 11. e4 Qc7 12. cxd5 cxd5 13. Nxd7 Qxd7 14. e5 Ne8 15.
Bh3 Nc7 16. Qe2 Rac8 17. Bg2 a5 18. h4 b5 19. Qg4 f5 20. exf6 Bxf6 21. Re1 b4
22. Ne2 Qc6 23. Bg5 Rce8 24. Rac1 Qb6 25. Bxf6 Rxf6 26. Rcd1 e5 27. b3 Ree6 28.
h5 Ba8 29. Rf1 Bb7 30. dxe5 Rxe5 31. Nf4 Qd6 32. Rd2 Rff5 33. Qd1 Ba8 34. Bh3
Rf6 35. Qg4 Bb7 36. Qd7 Qxd7 37. Bxd7 Rf7 38. Bh3 Ba6 39. Rc1 Bb7 40. Rdc2 Na6
41. Be6 Rxe6 42. Nxe6 Re7 43. Nf4 d4 44. Rd1 h6 45. Re2 Rd7 46. Re8+ Kf7 47.
Rde1 Kf6 48. Nh3 Rf7 49. g4 Nc7 50. Rd8 Ne6 51. Rd6 Bc8 52. f4 Ke7 53. Rxd4 Kf8
54. Rdd1 Re7 55. f5 Nc7 56. Rd8+ Ne8 57. Rxe7 Kxe7 58. Rxc8 Nd6 59. Rc7+ Kf6
60. Kg2 Ke5 61. Re7+ Kf6 62. Re6+ 1-0

[Event "MMaS_2014_U12"]
[Site "?"]
[Date "2014.10.28"]
[Round "8.7"]
[White "Hrabal, Matìj"]
[Black "Kocí, Tomáš"]
[Result "1/2-1/2"]
[WhiteElo "1498"]
[BlackElo "1414"]
[PlyCount "57"]
[EventDate "2014.10.25"]

1. e4 e6 2. d4 d5 3. exd5 exd5 4. c4 c6 5. Nc3 Nf6 6. Bg5 Be7 7. Nf3 Bg4 8. Be2
h6 9. Bxf6 Bxf6 10. Ne5 Bxe2 11. Qxe2 O-O 12. O-O dxc4 13. Qxc4 Nd7 14. Ng6 Re8
15. Rfe1 Nb6 16. Qb3 Qxd4 17. g3 Qc4 18. Nf4 Bxc3 19. bxc3 Rad8 20. Qa3 Rxe1+
21. Rxe1 Nd5 22. Qa5 Rd7 23. Qxa7 Nxf4 24. Qb8+ Kh7 25. gxf4 Qxc3 26. Qe8 Qh3
27. Qe4+ g6 28. Qe2 h5 29. Qe4 1/2-1/2

[Event "MMaS_2014_U12"]
[Site "?"]
[Date "2014.10.28"]
[Round "8.8"]
[White "Kopec, Ladislav"]
[Black "Opluštil, Pavel"]
[Result "1-0"]
[WhiteElo "1484"]
[BlackElo "1310"]
[PlyCount "107"]
[EventDate "2014.10.25"]

1. e4 c5 2. Nf3 d6 3. Bb5+ Bd7 4. Bxd7+ Qxd7 5. O-O Nf6 6. Qe2 Nc6 7. Rd1 g6 8.
c3 Bg7 9. d4 cxd4 10. cxd4 O-O 11. d5 Ne5 12. Nxe5 dxe5 13. Nc3 Rfd8 14. h3 e6
15. Bg5 exd5 16. Nxd5 Qe6 17. Nc7 Qc6 18. Nxa8 Rxa8 19. f3 Nh5 20. Rac1 Qb6+
21. Be3 Nf4 22. Qf2 Qf6 23. Qd2 Bh6 24. Rc7 Rb8 25. Bxf4 Bxf4 26. Qd6 Qh4 27.
Qe7 Be3+ 28. Kh1 Qxe7 29. Rxe7 Bd4 30. b3 Kf8 31. Rc7 a5 32. Rdc1 Kg7 33. Rd7
b6 34. Rcc7 Rf8 35. f4 Kf6 36. fxe5+ Kxe5 37. Rxf7 Rxf7 38. Rxf7 Kxe4 39. Rxh7
Kd3 40. Rd7 Kc3 41. h4 Bc5 42. g4 Kb2 43. Rd2+ Kc3 44. Rg2 Kd4 45. Kg1 Ke4+ 46.
Kf1 Kf3 47. h5 gxh5 48. gxh5 Be3 49. Rh2 Ke4 50. h6 Kd5 51. h7 Bd4 52. h8=Q
Bxh8 53. Rxh8 Kc5 54. Rh4 1-0

[Event "MMaS_2014_U12"]
[Site "?"]
[Date "2014.10.28"]
[Round "8.9"]
[White "Mikesch, Dalibor"]
[Black "Targosz, Jiøí"]
[Result "0-1"]
[WhiteElo "1359"]
[BlackElo "1370"]
[PlyCount "68"]
[EventDate "2014.10.25"]

1. e4 e6 2. d4 d5 3. e5 c5 4. c3 Qb6 5. Nf3 Nc6 6. b3 cxd4 7. cxd4 Bb4+ 8. Bd2
Nxd4 9. Bxb4 Qxb4+ 10. Nbd2 Nxf3+ 11. Qxf3 Qb6 12. Qg4 g6 13. Be2 Nh6 14. Qf4
Nf5 15. Bg4 Qd4 16. Qxd4 Nxd4 17. O-O h5 18. Nf3 Ne2+ 19. Kh1 hxg4 20. Ng5 b6
21. Rfe1 Ba6 22. Rab1 Rh5 23. h4 Rxh4+ 24. Nh3 gxh3 25. gxh3 Rxh3+ 26. Kg2 Nf4+
27. Kg1 d4 28. Rbd1 Bb7 29. f3 d3 30. Kf2 Rxf3+ 31. Kg1 Ne2+ 32. Kg2 Nf4+ 33.
Kg1 Nh3+ 34. Kh1 Rf2+ 0-1

[Event "MMaS_2014_U12"]
[Site "?"]
[Date "2014.10.28"]
[Round "8.10"]
[White "Kubala, Vojtìch"]
[Black "Dvoøáková, Olga"]
[Result "1-0"]
[WhiteElo "1262"]
[BlackElo "1510"]
[PlyCount "94"]
[EventDate "2014.10.25"]

1. e4 c5 2. Nf3 d6 3. d4 cxd4 4. Nxd4 Nf6 5. Nc3 Nc6 6. Bg5 e6 7. Bb5 Bd7 8.
Qd2 a6 9. Bc4 Be7 10. O-O-O b5 11. Bb3 b4 12. Nce2 Nxe4 13. Bxe7 Nxd2 14. Bxd8
Nxb3+ 15. Nxb3 Rxd8 16. Rxd6 Ke7 17. Rhd1 Be8 18. Rxd8 Nxd8 19. Nc5 a5 20. c3
bxc3 21. Nxc3 Bc6 22. f3 Nb7 23. N3e4 Rc8 24. Kd2 Nxc5 25. Nxc5 Bxf3 26. gxf3
Rxc5 27. Rc1 Rxc1 28. Kxc1 Kd6 29. Kc2 Kc5 30. Kc3 e5 31. a4 f5 32. h4 g6 33.
b4+ axb4+ 34. Kb3 h6 35. a5 Kb5 36. a6 Kxa6 37. Kxb4 g5 38. hxg5 hxg5 39. Kc4
Kb6 40. Kd5 g4 41. fxg4 fxg4 42. Ke4 Kc5 43. Ke3 Kc4 44. Ke4 g3 45. Kf3 Kd3 46.
Kxg3 e4 47. Kf2 Kd2 1-0

[Event "MMaS_2014_U12"]
[Site "?"]
[Date "2014.10.28"]
[Round "8.11"]
[White "Blaha, Marek"]
[Black "Londin, Martin"]
[Result "0-1"]
[WhiteElo "1435"]
[BlackElo "1246"]
[PlyCount "118"]
[EventDate "2014.10.25"]

1. d4 d5 2. c4 c6 3. Nc3 e6 4. a3 Nf6 5. Bf4 Bd6 6. Bxd6 Qxd6 7. c5 Qc7 8. Nf3
O-O 9. g3 b6 10. b4 bxc5 11. bxc5 Ba6 12. Bg2 Qa5 13. Qd2 Bc4 14. O-O Qd8 15.
Ne5 Nbd7 16. Nxc4 dxc4 17. Bxc6 Rc8 18. Bb5 Qa5 19. Bxc4 Nd5 20. Bxd5 exd5 21.
Ne4 Qa6 22. Nd6 Rc6 23. Rfb1 Rxd6 24. cxd6 Qxd6 25. Qb4 Qe6 26. e3 h6 27. Qb7
Nf6 28. Re1 Qh3 29. f3 Qf5 30. Qb2 Qxf3 31. Qf2 Qe4 32. h3 Qe6 33. g4 Ne4 34.
Qf5 Qc6 35. Rac1 Qb7 36. Rb1 Qc6 37. Rec1 Qd6 38. Qf4 Qxa3 39. Ra1 Qb2 40. Qh2
Qb3 41. Qe2 Ng3 42. Qf3 Ne4 43. Rxa7 Ng5 44. Qg3 Ne4 45. Qe1 Qd3 46. Rd1 Qb3
47. Raa1 Ng5 48. Rab1 Qa4 49. Qb4 Qd7 50. Kg2 Qe6 51. Re1 Qe4+ 52. Kg1 Nxh3+
53. Kh2 Ng5 54. Rf1 Qc2+ 55. Kh1 Qe4+ 56. Kh2 Qxg4 57. Qa3 Qh3+ 58. Kg1 Qg3+
59. Kh1 Nf3 0-1

[Event "MMaS_2014_U12"]
[Site "?"]
[Date "2014.10.28"]
[Round "8.12"]
[White "Matùš, Filip"]
[Black "Šebena, Patrik"]
[Result "1-0"]
[WhiteElo "1329"]
[BlackElo "1029"]
[PlyCount "129"]
[EventDate "2014.10.25"]

1. e4 e5 2. Nf3 Nc6 3. Bc4 Bc5 4. c3 Nf6 5. d4 exd4 6. cxd4 Bb4+ 7. Bd2 Nxe4 8.
Bxb4 Nxb4 9. Bxf7+ Kxf7 10. Qb3+ d5 11. Ne5+ Kf6 12. Qxb4 Qd6 13. Qb3 Ke7 14.
O-O c5 15. Nf3 h5 16. Re1 h4 17. h3 Kd8 18. Nc3 Bxh3 19. Qxd5 Qxd5 20. Nxd5 Bf5
21. Ne5 Rf8 22. f3 Nf6 23. Nxf6 gxf6 24. Nc4 cxd4 25. Rad1 d3 26. Rd2 Kc7 27.
Ne3 Rae8 28. Nd5+ Kc6 29. Rxe8 Rxe8 30. Nb4+ Kc7 31. Nd5+ Kc6 32. Nf4 Kc7 33.
Kf2 b5 34. b3 a5 35. a3 b4 36. axb4 axb4 37. Nd5+ Kd6 38. Nxb4 Kc5 39. Nxd3+
Kd4 40. Ne5+ Kc3 41. Nc4 Kxb3 42. Nb6 Kc3 43. Ra2 Rg8 44. Nd5+ Kb3 45. Ra6 Rd8
46. Rb6+ Kc2 47. Ne3+ Kc3 48. Nxf5 Rd2+ 49. Kg1 Rd1+ 50. Kh2 Kc4 51. Ne3+ Kc5
52. Nxd1 Kxb6 53. Kh3 Kc7 54. Kxh4 Kd7 55. Kg4 Ke7 56. Kf5 Kf7 57. g4 Kg7 58.
g5 fxg5 59. Kxg5 Kf7 60. f4 Kg7 61. f5 Kf7 62. f6 Kg8 63. Kg6 Kf8 64. f7 Ke7
65. Kg7 1-0

[Event "MMaS_2014_U12"]
[Site "?"]
[Date "2014.10.28"]
[Round "8.13"]
[White "Suchánek, Hanuš"]
[Black "Šebesta, Jan"]
[Result "0-1"]
[WhiteElo "1310"]
[BlackElo "1511"]
[PlyCount "56"]
[EventDate "2014.10.25"]

1. e4 d5 2. exd5 Qxd5 3. Nc3 Qa5 4. d4 Nf6 5. Nf3 Bg4 6. h3 Bh5 7. Bc4 Nc6 8.
Bg5 O-O-O 9. Qd2 Bxf3 10. gxf3 Rxd4 11. Qe2 Qxg5 12. Bxf7 Qe5 13. Qxe5 Nxe5 14.
Nb5 Rb4 15. Be6+ Kb8 16. O-O-O Nc6 17. Nc3 g6 18. Kb1 Bg7 19. Rd2 Rd4 20. Rhd1
Rxd2 21. Rxd2 Rd8 22. Re2 b5 23. Re1 b4 24. Ne2 Nd4 25. Nxd4 Rxd4 26. Kc1 Nh5
27. Bg4 e5 28. b3 Nf4 0-1

[Event "MMaS_2014_U12"]
[Site "?"]
[Date "2014.10.28"]
[Round "8.14"]
[White "Tajovský, Matìj"]
[Black "Valùšek, Vojtìch"]
[Result "1-0"]
[WhiteElo "1407"]
[BlackElo "1101"]
[PlyCount "49"]
[EventDate "2014.10.25"]

1. e4 e5 2. Nf3 Nc6 3. d4 exd4 4. Nxd4 Nxd4 5. Qxd4 d6 6. Bc4 Nf6 7. Nc3 Be7 8.
O-O h6 9. Qd3 O-O 10. Qg3 c6 11. Be2 d5 12. Bxh6 Ne8 13. exd5 cxd5 14. Rad1 Be6
15. Bb5 Bf6 16. Bxe8 Rxe8 17. Ne4 Bxb2 18. c3 g6 19. Qe5 f6 20. Nxf6+ Kf7 21.
Nxe8 Kxe8 22. Qxe6+ Qe7 23. Qg8+ Kd7 24. Qxd5+ Kc8 25. Qc4+ 1-0

[Event "MMaS_2014_U14"]
[Site "?"]
[Date "2014.10.28"]
[Round "7.1"]
[White "Glozar, Petr"]
[Black "Jurasek, Vojtech"]
[Result "0-1"]
[WhiteElo "1813"]
[BlackElo "1722"]
[PlyCount "46"]
[EventDate "2014.??.??"]

1. e4 c5 2. Nf3 e6 3. d4 cxd4 4. Nxd4 a6 5. Bd3 Qc7 6. O-O Nf6 7. c4 d6 8. Nc3
Be7 9. b3 Nbd7 10. Bb2 b6 11. Qe2 Bb7 12. Rae1 Rc8 13. Kh1 O-O 14. f4 Nc5 15.
Bb1 Qb8 16. Rf3 Rfd8 17. Rh3 g6 18. e5 dxe5 19. fxe5 Ne8 20. Qf2 Qa8 21. b4
Rxd4 22. bxc5 Bxc5 23. Rf1 Rf4 0-1

[Event "MMaS_2014_U14"]
[Site "?"]
[Date "2014.10.28"]
[Round "7.2"]
[White "Klubal, Jiri"]
[Black "Vraj, Ondrej"]
[Result "1-0"]
[WhiteElo "1524"]
[BlackElo "1843"]
[PlyCount "55"]
[EventDate "2014.??.??"]

1. e4 d5 2. exd5 Qxd5 3. Nc3 Qa5 4. d4 c6 5. Bd2 Qc7 6. Nf3 Bf5 7. h3 e6 8. g4
Bg6 9. Ne5 Bd6 10. Nxg6 hxg6 11. Qf3 Nd7 12. O-O-O Nb6 13. Ne4 Nd5 14. Nxd6+
Qxd6 15. Kb1 O-O-O 16. Qxf7 Ndf6 17. Qxg7 Rh7 18. Qxg6 Rdd7 19. Qd3 Nxg4 20.
Be3 Nxe3 21. fxe3 e5 22. Be2 Nf6 23. Qf5 Rhe7 24. Bg4 Nxg4 25. hxg4 exd4 26.
Rxd4 Qe6 27. Rh8+ Kc7 28. Qa5+ 1-0

[Event "MMaS_2014_U14"]
[Site "?"]
[Date "2014.10.28"]
[Round "7.3"]
[White "Pavlik, Vladimir"]
[Black "Chwistek, Karel"]
[Result "1/2-1/2"]
[WhiteElo "1508"]
[BlackElo "1695"]
[PlyCount "45"]
[EventDate "2014.??.??"]

1. e4 c5 2. c3 d5 3. exd5 Qxd5 4. d4 cxd4 5. cxd4 Nc6 6. Nf3 e6 7. Be2 Bb4+ 8.
Nc3 Nf6 9. O-O Qd8 10. Bg5 O-O 11. Qb3 Bxc3 12. bxc3 h6 13. Bh4 Qd5 14. Bc4 Qf5
15. Bxf6 Qxf6 16. Bd3 b6 17. Be4 Bb7 18. Qc2 Rfd8 19. Qe2 Rac8 20. Rac1 Rc7 21.
Rc2 Na5 22. Bxb7 Nxb7 23. Rfc1 1/2-1/2

[Event "MMaS_2014_U14"]
[Site "?"]
[Date "2014.10.28"]
[Round "7.4"]
[White "Vraj, Karel"]
[Black "Budik, Pavel"]
[Result "1-0"]
[WhiteElo "1767"]
[BlackElo "1616"]
[PlyCount "59"]
[EventDate "2014.10.25"]

1. e4 c6 2. d4 d5 3. exd5 cxd5 4. Bd3 Nc6 5. c3 g6 6. Nf3 Bg7 7. O-O Nf6 8. Bf4
O-O 9. Nbd2 a6 10. Re1 Bg4 11. h3 Bxf3 12. Nxf3 Rc8 13. Qd2 b5 14. a4 Na5 15.
Qe2 e6 16. axb5 axb5 17. Bxb5 Qb6 18. Nd2 Ra8 19. Ra3 Ra7 20. Rea1 Rfa8 21. f3
Nh5 22. Bh2 e5 23. b4 exd4 24. bxa5 Rxa5 25. Rxa5 dxc3+ 26. Qf2 Qxf2+ 27. Kxf2
Rxa5 28. Rxa5 cxd2 29. Ra8+ Bf8 30. Ke2 1-0

[Event "MMaS_2014_U14"]
[Site "?"]
[Date "2014.10.28"]
[Round "7.5"]
[White "Sramek, Vojtech"]
[Black "Barak, David"]
[Result "1-0"]
[WhiteElo "1709"]
[BlackElo "1600"]
[PlyCount "113"]
[EventDate "2014.10.25"]

1. e4 c5 2. Nf3 Nc6 3. d4 cxd4 4. Nxd4 Nf6 5. Nc3 d6 6. Be2 e5 7. Nb3 Be7 8.
O-O O-O 9. Be3 Be6 10. Kh1 a6 11. f4 b5 12. a3 Rc8 13. f5 Bd7 14. Qe1 g6 15.
Qg3 Kh8 16. fxg6 fxg6 17. Bh6 Rg8 18. Qd3 Nb8 19. Rf2 Bg4 20. h3 Bxe2 21. Qxe2
Nbd7 22. Raf1 Qc7 23. Qd3 Qb7 24. Rd1 Rgd8 25. Qe3 Re8 26. Rdf1 Qa8 27. Bg5 Kg8
28. Qe2 Rxc3 29. Bxf6 Nxf6 30. bxc3 Nxe4 31. Rf3 Bh4 32. Qd3 d5 33. Kh2 Rc8 34.
Qe2 Bg5 35. Rd3 Bf4+ 36. g3 Bh6 37. Qf3 Qb7 38. Rfd1 d4 39. cxd4 Rxc2+ 40. Kg1
Nd6 41. Qxb7 Nxb7 42. dxe5 Ra2 43. e6 Re2 44. Rd7 Rxe6 45. Rxb7 Re3 46. Rd8+
Bf8 47. Rbb8 Rxg3+ 48. Kf2 Rxb3 49. Rxf8+ Kg7 50. Rf3 Rb2+ 51. Kg3 h5 52. Rb6
a5 53. Ra6 a4 54. Rb6 Rb1 55. Kh4 Kh6 56. Rff6 Rb3 57. Rxg6+ 1-0

[Event "MMaS_2014_U14"]
[Site "?"]
[Date "2014.10.28"]
[Round "7.6"]
[White "Nytra, Ondrej"]
[Black "Chlebek, Jan"]
[Result "0-1"]
[WhiteElo "1583"]
[BlackElo "1643"]
[PlyCount "90"]
[EventDate "2014.10.25"]

1. e4 c5 2. Nf3 d6 3. d4 cxd4 4. Nxd4 Nf6 5. Nc3 g6 6. Be2 Bg7 7. O-O O-O 8.
Be3 Nc6 9. Nb3 a6 10. f4 b5 11. Kh1 Bb7 12. f5 b4 13. Nd5 Nxe4 14. fxg6 hxg6
15. Bf3 Nf6 16. Nxb4 Qc7 17. Nxc6 Bxc6 18. Qd2 Rfc8 19. Bh6 Bxf3 20. Rxf3 Qxc2
21. Bxg7 Qxd2 22. Nxd2 Kxg7 23. Raf1 Rc2 24. Nb3 Rxb2 25. a4 Rb8 26. Nd4 Rd2
27. Nc6 Rbb2 28. Rg3 Rf2 29. Re1 Rfe2 30. Rf1 Ne4 31. Rgf3 Nf2+ 32. Kg1 Ng4 33.
Rg3 Ne3 34. Rc1 Rxg2+ 35. Rxg2 Rxg2+ 36. Kh1 Rc2 37. Rxc2 Nxc2 38. Nxe7 Kf6 39.
Nd5+ Ke5 40. Ne7 Kd4 41. Nc6+ Kc5 42. Nb8 a5 43. Nd7+ Kb4 44. Nb6 f5 45. Kg2 g5
0-1

[Event "MMaS_2014_U14"]
[Site "?"]
[Date "2014.10.28"]
[Round "7.7"]
[White "Zitny, Michal"]
[Black "Ochmyt, Jakub"]
[Result "1/2-1/2"]
[WhiteElo "1654"]
[BlackElo "1585"]
[PlyCount "64"]
[EventDate "2014.10.25"]

1. d4 d5 2. c4 e6 3. cxd5 exd5 4. Nc3 Nf6 5. Bg5 Be7 6. Qc2 h6 7. Bxf6 Bxf6 8.
e3 O-O 9. Bd3 Re8 10. Nge2 Nc6 11. a3 Bh4 12. g3 Bf6 13. O-O Be6 14. Nf4 Bg5
15. Nxe6 fxe6 16. Bg6 Rf8 17. Bh5 Ne7 18. Na4 b6 19. Rac1 Rc8 20. b4 c6 21. Nb2
Nf5 22. Qd3 Bf6 23. Rc2 Qd7 24. Rfc1 Be7 25. Na4 Nd6 26. Nb2 Rf6 27. Kg2 b5 28.
Bg6 Nc4 29. Bh5 Rcf8 30. Nd1 Bd6 31. f4 Ra8 32. Nc3 a5 1/2-1/2

[Event "MMaS_2014_U14"]
[Site "?"]
[Date "2014.10.28"]
[Round "7.8"]
[White "Nespory, Simon"]
[Black "Filip, Tomas"]
[Result "0-1"]
[WhiteElo "1497"]
[BlackElo "1780"]
[PlyCount "46"]
[EventDate "2014.10.25"]

1. e4 c5 2. Nf3 d6 3. d4 cxd4 4. Nxd4 Nf6 5. Nc3 a6 6. Be3 e5 7. Nf3 Be7 8. h3
Be6 9. Be2 O-O 10. O-O Nbd7 11. Nh2 Qc7 12. Ng4 Qc6 13. Nxf6+ Nxf6 14. Bg5 h6
15. Bh4 g5 16. Bg3 Nxe4 17. Nxe4 Qxe4 18. Bd3 Qc6 19. Qh5 Kg7 20. h4 f5 21.
hxg5 hxg5 22. Qe2 e4 23. Bxe4 fxe4 0-1

[Event "MMaS_2014_U14"]
[Site "?"]
[Date "2014.10.28"]
[Round "7.9"]
[White "Oplustil, David"]
[Black "Bauer, Miroslav"]
[Result "1/2-1/2"]
[WhiteElo "1624"]
[BlackElo "1488"]
[PlyCount "34"]
[EventDate "2014.10.25"]

1. e4 c5 2. Nf3 Nc6 3. d4 cxd4 4. Nxd4 g6 5. Nc3 Bg7 6. Be3 Nf6 7. f3 O-O 8.
Bc4 Qb6 9. Bb3 Nxe4 10. Nxe4 Nxd4 11. c3 Nc2+ 12. Qxc2 Qxe3+ 13. Kf1 d6 14. Re1
Qb6 15. g4 Be6 16. h4 Bxb3 17. axb3 f5 1/2-1/2

[Event "MMaS_2014_U14"]
[Site "?"]
[Date "2014.10.28"]
[Round "7.10"]
[White "Zach, Vojtech"]
[Black "Dejmal, Ondrej"]
[Result "0-1"]
[WhiteElo "1324"]
[BlackElo "1501"]
[PlyCount "114"]
[EventDate "2014.10.25"]

1. e4 e5 2. Nf3 Nf6 3. Nxe5 d6 4. Nf3 Nxe4 5. d3 Nf6 6. Nc3 Nc6 7. Bg5 Be7 8.
Be2 Bg4 9. Qd2 Qd7 10. O-O-O a6 11. h3 Be6 12. g4 Nb4 13. b3 a5 14. Nd4 h6 15.
Nxe6 Qxe6 16. Be3 Qe5 17. f4 Nxa2+ 18. Kb2 Qxc3+ 19. Qxc3 Nxc3 20. Kxc3 d5 21.
Kb2 Nd7 22. Bf3 c6 23. Rhe1 a4 24. Ra1 b5 25. Bd4 f6 26. Re6 c5 27. Bf2 Nf8 28.
Re2 g5 29. Bxc5 Rh7 30. Bxd5 Rc8 31. b4 Kd7 32. Be4 Bxc5 33. Bf5+ Kd8 34. Bxc8
Bd4+ 35. c3 Bxc3+ 36. Kxc3 Rc7+ 37. Kb2 Rxc8 38. Rae1 Kd7 39. Re7+ Kd6 40. Re8
Rxe8 41. Rxe8 Ne6 42. f5 Nf4 43. Rh8 Nxd3+ 44. Ka3 Nf4 45. Rxh6 Nd5 46. h4 gxh4
47. g5 Ke5 48. g6 Kxf5 49. g7 Ne7 50. Rh8 h3 51. g8=Q Nxg8 52. Rxg8 Kf4 53. Rg6
f5 54. Rg1 h2 55. Rf1+ Kg3 56. Rxf5 h1=Q 57. Rxb5 Qa1# 0-1